Public health and hygiene / (Record no. 82748)

MARC details
000 -LEADER
fixed length control field 00612nam a22002057a 4500
005 - DATE AND TIME OF LATEST TRANSACTION
control field 20140314125718.0
010 ## - LCCN (DPL NO)
LC control number ENG-109466
020 ## - INTERNATIONAL STANDARD BOOK NUMBER
Terms of availability 100.00
035 ## - SYSTEM CONTROL NUMBER
System control number EN-92999
037 ## - SOURCE OF ACQUISITION
Source of stock number/acquisition DBAD/PUB
082 ## - DEWEY DECIMAL CLASSIFICATION NUMBER
Classification number 614
100 ## - MAIN ENTRY--PERSONAL NAME
Personal name Sorna Raj,R.
245 00 - TITLE STATEMENT
Title Public health and hygiene /
Statement of responsibility, etc by R. Sorna Raj [and] V. Kumaresan
260 ## - PUBLICATION, DISTRIBUTION, ETC. (IMPRINT)
Place of publication, distribution, etc Kanyakumari
Name of publisher, distributor, etc Saras Publicaton
Date of publication, distribution, etc 2010
270 ## - ADDRESS
Address 114/35G, A.R.P. Camp Road, Periavilai, Kottar, Nagercoil
City Kanyakumari
Postal code 629002
300 ## - PHYSICAL DESCRIPTION
Extent xi,249p
Dimensions 22cm(pbk)
500 ## - GENERAL NOTE
General note Includes index
700 ## - ADDED ENTRY--PERSONAL NAME
Personal name Kumaresan, V.
942 ## - ADDED ENTRY ELEMENTS (KOHA)
Source of classification or shelving scheme Dewey Decimal Classification
Item type English Books
Call number suffix SOR
Classification part 614
Holdings
Withdrawn status Lost status Not for loan Collection code Home library Current library Date acquired Source of acquisition Cost, normal purchase price Full call number Barcode Copy number Cost, replacement price Koha item type
    Not For Loan Non-fiction D.B.Act.Division D.B.Act.Division 25/02/2014 DBAD/PUB 100.00 614 SOR EN-92999 1 100.00 English Books

© Delhi Public Library
Hit Counter
free hit counter